| Tag |
First Indicator |
Second Indicator |
Subfields |
| LEADER |
00000cam a2200000Ia 4500 |
| 001 |
in00002475521 |
| 005 |
20210817090542.0 |
| 006 |
m d |
| 007 |
cr cn||||||||| |
| 008 |
081217s2008 gw a s 100 0 eng d |
| 020 |
|
|
|a 3540877851
|
| 020 |
|
|
|a 9783540877851
|
| 035 |
|
|
|a (OCoLC)288568194
|
| 035 |
|
|
|a (OCoLC)ocn288568194
|
| 037 |
|
|
|a 978-3-540-87784-4
|b Springer
|n http://www.springerlink.com
|
| 040 |
|
|
|a GW5XE
|b eng
|c GW5XE
|d UtOrBLW
|
| 049 |
|
|
|a TEFA
|
| 050 |
1 |
4 |
|a TK7895.E42
|b S48 2008eb
|
| 072 |
|
7 |
|a TK
|2 lcco
|
| 111 |
2 |
|
|a SEUS 2008
|d (2008 :
|c Anacarpi, Capri Island, Italy)
|
| 245 |
1 |
0 |
|a Software technologies for embedded and ubiquitous systems :
|b 6th IFIP WG 10.2 International Workshop, SEUS 2008, Anacarpi [as printed] Capri Island, Italy, October 1-3, 2008 ; proceedings /
|c Uwe Brinkschulte, Tony Givargis, Stefano Russo (eds.).
|
| 246 |
3 |
0 |
|a SEUS 2008
|
| 264 |
|
1 |
|a Berlin :
|b Springer,
|c 2008.
|
| 300 |
|
|
|a xiv, 432 pages :
|b illustrations ;
|c 24 cm.
|
| 336 |
|
|
|a text
|b txt
|2 rdacontent
|
| 337 |
|
|
|a computer
|b c
|2 rdamedia
|
| 338 |
|
|
|a online resource
|b cr
|2 rdacarrier
|
| 490 |
1 |
|
|a Lecture notes in computer science,
|x 0302-9743 ;
|v 5287
|
| 500 |
|
|
|a Electronic resource.
|
| 504 |
|
|
|a Includes bibliographical references and index.
|
| 533 |
|
|
|a Electronic reproduction.
|b New York :
|c Springer,
|d 2008.
|n Mode of access: World Wide Web.
|n System requirements: Web browser.
|n Title from title screen (viewed on Dec. 15, 2008).
|n Access may be restricted to users at subscribing institutions.
|
| 650 |
|
0 |
|a Electronic data processing
|x Distributed processing
|v Congresses.
|0 http://id.loc.gov/authorities/subjects/sh2008102927
|
| 650 |
|
0 |
|a Embedded computer systems
|x Programming
|v Congresses.
|0 http://id.loc.gov/authorities/subjects/sh2009124843
|
| 650 |
|
0 |
|a Ubiquitous computing
|v Congresses.
|0 http://id.loc.gov/authorities/subjects/sh2008113063
|
| 655 |
|
7 |
|a Electronic books.
|2 local
|
| 700 |
1 |
|
|a Brinkschulte, Uwe.
|0 http://id.loc.gov/authorities/names/nb2008005451
|
| 700 |
1 |
|
|a Givargis, Tony.
|0 http://id.loc.gov/authorities/names/n2001012594
|
| 700 |
1 |
|
|a Russo, Stefano.
|0 http://id.loc.gov/authorities/names/n2018047772
|
| 710 |
2 |
|
|a SpringerLink (Online service)
|0 http://id.loc.gov/authorities/names/no2005046756
|
| 776 |
1 |
|
|c Original
|z 9783540877844
|z 3540877843
|w (OCoLC)259253739
|
| 830 |
|
0 |
|a Lecture notes in computer science.
|x 0302-9743 ;
|v 5287.
|0 http://id.loc.gov/authorities/names/n42015162
|
| 856 |
4 |
0 |
|u http://proxy.library.tamu.edu/login?url=https://dx.doi.org/10.1007/978-3-540-87785-1
|z Connect to the full text of this electronic book
|t 0
|
| 994 |
|
|
|a C0
|b TEF
|
| 999 |
|
|
|a MARS
|
| 999 |
f |
f |
|s b5f80b6e-0f3d-3aa4-8be7-369a5e8d2a2b
|i cc1f3a01-f51d-336c-8345-2963ab426e1c
|t 0
|
| 952 |
f |
f |
|a Texas A&M University
|b College Station
|c Electronic Resources
|d Available Online
|t 0
|e TK7895.E42 S48 2008eb
|h Library of Congress classification
|
| 998 |
f |
f |
|a TK7895.E42 S48 2008eb
|t 0
|l Available Online
|